000 01004nam a2200277Ia 4500
003 OSt
005 20221005110356.0
006 a|||||r|||| 00| 0
007 ta
008 221004b |||||||| |||| 00| 0 hin d
020 _a817016768X (hbk)
_cINR 200.00
024 _a41709
037 _bIN-2305, 14/03/2019, Kitab Ghar Prakashan
_cTextual
040 _aCRL
_cCRL
_bhin
041 _2hin
_ahin
082 _aO152,3N306x, Q3
100 _aहृदयेश, ले.
245 0 _aदस प्रतिनिधि कहानियां
246 _aDas pratinidhi kahāniyāan
260 _aनई दिल्ली
_bकिताबघर प्रकाशन भारत
_c2013
300 _a148पृ0
_ccm.
650 _a हिन्दी साहित्य
650 _aहिन्दी कहानी
942 _hO152,3N306x, Q3
_cTEXL
_2cc
999 _c1018638
_d1018638